|
|
|
|
| LEADER |
00000nam0a2200000 4500 |
| 001 |
320785 |
| 005 |
20231102003320.0 |
| 035 |
|
|
|a (RuTPU)RU\TPU\book\346316
|
| 090 |
|
|
|a 320785
|
| 100 |
|
|
|a 20160721d1947 m y0rusy50 ca
|
| 101 |
0 |
|
|a rus
|
| 102 |
|
|
|a RU
|
| 105 |
|
|
|a a z 000zy
|
| 200 |
1 |
|
|a Актеры. Из воспоминаний
|f Б. А. Горин-Горяинов
|
| 210 |
|
|
|a Ленинград
|a Москва
|c Искусство
|d 1947
|
| 215 |
|
|
|a 156 с.
|c ил.
|
| 606 |
|
|
|a Актеры
|2 stltpush
|3 (RuTPU)RU\TPU\subj\1657
|9 30390
|
| 610 |
1 |
|
|a искусство
|
| 610 |
1 |
|
|a воспоминания
|
| 610 |
1 |
|
|a роли
|
| 675 |
|
|
|a 791.44.071.2
|v 4
|
| 700 |
|
1 |
|a Горин-Горяинов
|b Б. А.
|g Борис Анатольевич
|
| 801 |
|
1 |
|a RU
|b 63413507
|c 20160721
|
| 801 |
|
2 |
|a RU
|b 63413507
|c 20171108
|g RCR
|
| 942 |
|
|
|c BK
|